Rivers run together
Guardat en:
| Autor principal: | |
|---|---|
| Format: | Llibre |
| Idioma: | Undetermined |
| Publicat: |
Boston, Estados Unidos
Houghton Mifflin
1974
|
| Matèries: | |
| Etiquetes: |
Afegir etiqueta
Sense etiquetes, Sigues el primer a etiquetar aquest registre!
|
MARC
| LEADER | 00000nam a2200000Ia 4500 | ||
|---|---|---|---|
| 008 | 170316s9999 xx 000 0 und d | ||
| 040 | |a cru BVZT | ||
| 090 | |a 810 S-23r | ||
| 100 | |a Sherburne, James | ||
| 245 | |a Rivers run together | ||
| 260 | |a Boston, Estados Unidos | ||
| 260 | |b Houghton Mifflin | ||
| 260 | |c 1974 | ||
| 300 | |a 208 páginas | ||
| 650 | |a LITERATURA ESTADOUNIDENSE | ||
| 999 | |c 6111 |d 6111 | ||
| 942 | |c 15 D |h 810 S-23r |2 z | ||
